The Illinois state teachers' pension and retirement fund; (Record no. 21174)

MARC details
000 -LEADER
fixed length control field 01031cam a22002291 4500
001 - CONTROL NUMBER
control field e 32000081
003 - CONTROL NUMBER IDENTIFIER
control field DLC
005 - DATE AND TIME OF LATEST TRANSACTION
control field 20260227111221.0
008 - FIXED-LENGTH DATA ELEMENTS--GENERAL INFORMATION
fixed length control field 821103s1931 ilu s000 0 eng c
010 ## - LIBRARY OF CONGRESS CONTROL NUMBER
LC control number e 32000081
035 ## - SYSTEM CONTROL NUMBER
System control number (OCoLC)8916443
040 ## - CATALOGING SOURCE
Original cataloging agency Library, U. S. Office of Education
Transcribing agency ICarbS
Modifying agency DLC
042 ## - AUTHENTICATION CODE
Authentication code premarc
050 00 - LIBRARY OF CONGRESS CALL NUMBER
Classification number LB2842
Item number .I36 1931
110 1# - MAIN ENTRY--CORPORATE NAME
Corporate name or jurisdiction name as entry element Illinois.
Subordinate unit Board of trustees of teachers' pension and retirement fund.
245 14 - TITLE STATEMENT
Title The Illinois state teachers' pension and retirement fund;
Remainder of title a presentation of facts and scientific study of all matters relating to the solvency of the fund--possible future costs, etc.
Statement of responsibility, etc. Issued by the Board of trustees of the Illinois state teachers' pension and retirement fund <Printed by authority of the state of Illinois>
260 ## - PUBLICATION, DISTRIBUTION, ETC.
Place of publication, distribution, etc. [Springfield,
Date of publication, distribution, etc. 1931]
300 ## - PHYSICAL DESCRIPTION
Extent 62 p.
Other physical details incl. tables.
Dimensions 23 cm.
500 ## - GENERAL NOTE
General note On cover: Research bulletin
500 ## - GENERAL NOTE
General note Printed by Illinois printing company, Danville.
650 #0 - SUBJECT ADDED ENTRY--TOPICAL TERM
Topical term or geographic name entry element Teachers
General subdivision Salaries, etc.
Geographic subdivision Illinois.

No items available.

Powered by Koha